000 01034nam a2200241 a 4500
001 80077
003 BD-RjUL
005 20260303143718.0
008 220703r20191971ii ||||| |||| 00| 0 ben d
035 _a(BD-RjUL)80077
040 _aBD-RjUL
_beng
_cBD-RjUL
041 _aben
082 _223
_a891.441
_bROD 2019
100 _aরায়, রথীন্দ্রনাথ
_93990
245 _aদ্বিজেন্দ্রলাল :
_bকবি ও নাট্যকার /
_cরথীন্দ্রনাথ রায়
250 _a২য় সং.
260 _aকলকাতা :
_bস্বপনকুমার মুখোপধ্যায়,
_c১৯৭১, [মুদ্রণ ২০১২,২০১৯]
300 _a৪৫৬ পৃ.;
_c২২ সেমি.
600 _aদ্বিজেন্দ্রলাল
_93991
650 _aবাংলা কবিতা
_xইতিহাস ও সমালোচনা
_92118
650 _aBengali Poetry
_xHistory and Criticism
_92119
942 _2ddc
_cBK
999 _c80077
_d80077